[Event "CZE-chT1E 1112"]
[Site "Czech Republic"]
[Date "2012.01.29"]
[Round "7.4"]
[White "Krcal, Michal"]
[Black "Zwardon, Vojtech"]
[Result "0-1"]
[WhiteElo "2130"]
[BlackElo "2297"]
[PlyCount "172"]
[EventDate "2011.10.02"]
[EventType "team-tourn"]
[EventRounds "11"]
[EventCountry "CZE"]
[SourceTitle "EXT 2013"]
[Source "ChessBase"]
[SourceDate "2012.11.22"]
[SourceVersion "1"]
[SourceVersionDate "2012.11.22"]
[SourceQuality "1"]
[WhiteTeam "Zlin II"]
[BlackTeam "Karvina"]
[WhiteTeamCountry "CZE"]
[BlackTeamCountry "CZE"]

1. e4 c5 2. Nf3 Nc6 3. c3 d5 4. exd5 Qxd5 5. Na3 Bg4 6. Be2 e5 7. d3 Rd8 8. Qa4 Bf5 9. Nc4 Bd7 10. Qb3 f6 11. Qxb7 Rb8 12. Qa6 Nge7 13. 0-0 Qe6 14. Be3 Nd5 15. Qa3 Nxe3 16. fxe3 f5 17. e4 f4 18. Qa6 Be7 19. Bd1 Nd4 20. Qxa7 Nxf3+ 21. Rxf3 0-0 22. Qc7 Bb5 23. Bb3 Kh8 24. Nxe5 c4 25. Bxc4 Bxc4 26. Nxc4 g5 27. Rf2 Rb5 28. a4 Rc8 29. Qxc8+ Qxc8 30. axb5 Bc5 31. d4 Bxd4 32. cxd4 Qxc4 33. b6 Qb3 34. d5 Qxb6 35. Rd1 g4 36. Rd3 Qa6 37. Rfd2 Qd6 38. b4 Kg7 39. Rd4 g3 40. hxg3 fxg3 41. Kf1 Kf6 42. Ke2 Ke5 43. b5 h5 44. Kf3 Qf8+ 45. Ke3 Qa3+ 46. R4d3 Qc5+ 47. Kf3 Qf8+ 48. Ke2 Qf2+ 49. Kd1 Qg1+ 50. Kc2 Qc5+ 51. Rc3 Qxb5 52. d6 Qa4+ 53. Rb3 Qa2+ 54. Kc3 Qa5+ 55. Rb4 Qa3+ 56. Rb3 Qc1+ 57. Rc2 Qa1+ 58. Kd2 Kxd6 59. Rxg3 Ke5 60. Re3 Qa5+ 61. Ke2 h4 62. Rd2 Qa6+ 63. Kf2 Qf6+ 64. Ke1 Qb6 65. Ke2 Qa6+ 66. Rdd3 Qa2+ 67. Kf3 Qf7+ 68. Kg4 Qf2 69. Kh3 Qf1 70. Kh2 Qf2 71. Rd5+ Ke6 72. Rf3 Qe1 73. Rd8 Qa5 74. Re8+ Kd7 75. Ref8 Qe1 76. R8f4 Ke6 77. Rg4 Ke5 78. Rf5+ Ke6 79. Rh5 Kf6 80. e5+ Kf7 81. Rgxh4 Kg6 82. e6 Qf2 83. Rh6+ Kg5 84. Rh7 Qe1 85. R7h5+ Kf6 86. Rh3 Qe2 0-1